00658nam a2200205 i 450000100060000000300090000600500170001500700030003200800410003508000160007608000290009210000260012124501350014726000310028230000320031370000420034585200220038785200220040985200210043163436ES-MaACL20250824091600.0t|031210s1979 sp f ||||1|bspa d a860-821"19" a929 Lamana Lizarbe, Luis1 aLamana Lizarbe, Luis.10aEsencia y presencia de D. Luis Lamana Lizarbe b: abogado y escritor / c[introducción y comentarios], Salvador Ferrer C. Maura. aMadrid : b[s.n.], c1979. a330 p., 5 lám. ; c23 cm.1 aFerrer C. Maura, Salvador,d1902-1985 aES-MaACLjA-10752 aES-MaACLjA-10753 aES-MaACLjG-4332